| 000 | 01093cam a2200313 i 4500 | ||
|---|---|---|---|
| 001 | 18459875 | ||
| 003 | ASAB | ||
| 005 | 20180827062638.0 | ||
| 008 | 150123s2015 pk b 001 0 eng | ||
| 010 | _a 2014363655 | ||
| 020 | _a9789699556111 | ||
| 040 |
_aDLC _beng _cASAB _erda _dDLC |
||
| 042 |
_alcode _apcc |
||
| 043 |
_aa-cc--- _aa-ii--- |
||
| 050 | 0 | 0 |
_aDS450.C5 _bM35 2015 |
| 100 | 1 |
_aMalik, Nadeem Shafiq. _91900 |
|
| 245 | 1 | 0 |
_aIndia vs China : _ba review of the Aksai Chin border dispute / _cDr. Nadeem Shafiq Malik. |
| 246 | 3 | _aIndia versus China | |
| 300 |
_a184 pages ; _c25 cm. |
||
| 504 | _aIncludes bibliographical references (pages 155-174) and index. | ||
| 651 | 0 |
_aIndia _xBoundaries _zChina. _91901 |
|
| 651 | 0 |
_aChina _xBoundaries _zIndia. _91902 |
|
| 651 | 0 |
_aIndia _xForeign relations _zChina. _91903 |
|
| 651 | 0 |
_aChina _xForeign relations _zIndia. _91904 |
|
| 856 | 4 | 1 |
_3Table of contents only _uhttp://www.loc.gov/catdir/toc/fy16pdf01/2014363655.html |
| 906 |
_a7 _bcbc _corigode _d3 _encip _f20 _gy-gencatlg |
||
| 942 |
_2ddc _cBK |
||
| 999 |
_c480122 _d480122 |
||